000 00309nam a2200097Ia 4500
082 _a630|HUBS
245 0 _aSuccessful smallholding : planning, starting and managing your enterprise
100 _a Hobson, J. C. Jeremy Ramsbury, 2009
_946691
942 _cBK
008 210817s9999 xx 000 0 und d
999 _c153315
_d153313